00881cam a22002531 4500001001300000003000400013005001700017008004100034010002200075025001900097040001800116050002100134082001300155100001800168245008000186260004800266300002400314350000900338500013800347500003300485504003100518651004200549651003600591sa 68001219 DLC20260227112431.0711011s1967 ii b 00010 eng  asa 68001219 //r92 aPL480:I-E-9352 aDLCcDLCdDLC00aJQ215 1967b.B4500a320.9/5410aBhaskaran, R.10aSociology of politics:btradition and politics in Indiac[by] R. Bhaskaran.0 aBombay,aNew York,bAsia Pub. Housec[1967] axiv, 282 p.c23 cm. aRs25 a"The articles comprising this volume have been selected from the [author's] occasional writings ... during the last quarter century." aIncludes quotation in Tamil. aBibliographical footnotes. 0aIndiaxPolitics and governmenty1947- 0aIndiaxSocial conditionsy1947-